Armenia-visa - Statistics

Yleistilastot
  • Tätä visaa on pelattu 382 kertaa
  • Keskiarvotulos 11 / 20
Vastaustilastot
Vihje Vastaus % Oikein
Naapurimaa Azerbaidžan
96%
Naapurimaa Georgia
96%
Valtio, josta Armenia itsenäistyi 1991 Neuvostoliitto
95%
Naapurimaa Turkki
94%
Armenian ulkopuoliset valtiot, joissa on eniten armenialaislähtöisiä asukkaita Venäjä
94%
Naapurimaa Iran
88%
Pääkaupunki Jerevan
82%
Vuoristo, jossa Armenia sijaitsee Kaukasus
76%
Valtakunta, joka aiheutti armenialaisten kansanmurhan 1914–1923 Osmanien valtakunta
71%
Armenian ulkopuoliset valtiot, joissa on eniten armenialaislähtöisiä asukkaita Yhdysvallat
67%
Noin vuonna 300 Armenia omaksui virallisesti ensimmäisenä valtiona... Kristinuskon
51%
Armenialaisenemmistöinen alue, josta Armenia ja naapurimaa #1 ovat sotineet useaan otteeseen viime vuosikymmeninä Vuoristo-Karabah
46%
Naapurimaassa sijaitseva vuori, joka on Armenialle tärkeä symboli Ararat
45%
Valuutta Dram
28%
Armenia armenian kielellä Hajastan
28%
Järvi joka peittää noin 4 % maan pinta-alasta Sevan
18%
Armenian kuningas, jonka hallitessa noin 95–55 eaa Armenia oli mahtavimmillaan Tigranes Suuri
15%
Osan maan länsi- ja etelärajasta muodostava joki Araks
12%
Toiseksi suurin kaupunki, tunnettu aiemmin nimillä Aleksandropol ja Leninikan Gjumri
11%
Armenian korkein vuori Aragats
8%
Ehtoja vastaavia visoja ei löytynyt
Tulosjakauma
Jokaisen tuloksen saaneiden osuus
Persentiili vastausten määrän mukaan
Tuloshistoriasi
Et ole pelannut tätä visaa